000 00645nam a2200241Ia 4500
003 OSt
005 20221005123040.0
006 a|||||r|||| 00| 0
007 ta
008 221004b |||||||| |||| 00| 0 per d
024 _a56785
037 _cTextual
040 _aCRL
_cCRL
_bper
041 _2per
_aper
082 _aV2:1:K9, 164E8
100 _aBhandari Sujan Rai Au.
_9633056
245 0 _aKhulasatu-t-tawarikh
260 _c1918
650 _aHISTORY
700 _a Hasan M. Zafar Ed.
_9633057
942 _hV2:1:K9, 164E8
_cTEXL
_2cc
999 _c1046223
_d1046223